Sports Quiz

Random Sports or Football Quiz

Badly Sculpted Sports Quiz Stats

 Plays Quiz Updated Jul 2, 2019

Score 0/17 Timer 03:00
19 Plays Today
% Correct
Basketball
99.4%
Soccer
98.8%
Golf
97.9%
Bowling
97.8%
Football
97.7%
Baseball
97.4%
Archery
95.2%
Weightlifting
94.8%
Roller derby
89.7%
% Correct
Curling
88.4%
Badminton
83%
Tennis
82.1%
Surfing
81.4%
Pole vault
78.4%
Pommel horse
74.8%
Cricket
66.8%
Hammer throw
62.7%

You're not logged in!

Compare scores with friends on all Sporcle quizzes.
OR
Log In

Sporcle TV

Today on Sporcle TV


Watch our educational content, quiz creation guides, and fun videos on Sporcle TV.

Show Comments

Extras

Top Quizzes Today


Score Distribution

Your Account Isn't Verified!

In order to create a playlist on Sporcle, you need to verify the email address you used during registration. Go to your Sporcle Settings to finish the process.

Report this User

Report this user for behavior that violates our Community Guidelines.

Details: